Nueva Enciclopedia escolar. 1º grado

Gespeichert in:
Bibliographische Detailangaben
1. Verfasser: Algora, Julio Ilustrador
Format: keine Angabe
Sprache:Spanisch
Erschienen: Burgos,España Hijos de Santiago Rodríguez 1954
Ausgabe:34ª
Katalog:MANES:  Suchergebnis im Bibliothekskatalog
Schulbuchspezifische Eigenschaften:
Tags: Tag hinzufügen
Keine Tags, Fügen Sie den ersten Tag hinzu!
Hinzugefügt zu:26.04.2016
Geändert in:20.11.2024

MARC

LEADER 000000000a22000000004500
001 21089
003 OSt
005 20241121020155.0
008 160427s sp ||||| |||| 00| 0 spa d
041 1 |a spa 
040 |c centro_manes 
691 7 |a PRI 
100 1 |a Algora, Julio  |b Ilustrador  |9 14014 
245 0 0 |a Nueva Enciclopedia escolar. 1º grado 
250 |a 34ª 
260 3 |a Burgos,España  |b Hijos de Santiago Rodríguez  |c 1954 
300 |a 448 p.  |c 20 x 15 cm. 
500 |a nivel: Primer grado de Enseñanza Elemental. 
690 7 |a CN  |a ECS 
690 0 |a EyL 
942 |2 ddc  |c BK 
546 |a España 
999 |c 26366  |d 26366 
999 |c manes:26366  |d 26366